| 000 | 00678nam a2200229 a 4500 | ||
|---|---|---|---|
| 999 |
_c10725 _d10725 |
||
| 001 | 10725 | ||
| 003 | BD-JhCC | ||
| 005 | 20191028134017.0 | ||
| 008 | 180811s2018 bg |||| |||| 000 0 ben d | ||
| 020 | _a14504 | ||
| 035 | _a(BD-JhCC)10725 | ||
| 040 |
_aBD-JhCC _dBD-JhCC |
||
| 041 | _aben | ||
| 082 |
_a891.443 _bJOL 2018 |
||
| 100 | _aজলদাস, হরিশংকর | ||
| 245 |
_aক্ষরণ / _c হরিশংকর জলদাস, |
||
| 260 |
_aঢাকা : _bবেঙ্গল, _c২০১৮. |
||
| 300 |
_a৯৫ পৃ. : _c২১ সেমি. |
||
| 650 | _aবাংলা উপন্যাস | ||
| 650 | _aBengali Novel | ||
| 942 |
_2ddc _cBK _02 |
||